书目信息 |
| 书名: | The coming of the book | |
| 作者: | Lucien Febvre and Henri-Jean Martin ; translated by David Gerard. | |
| 分册号: | ||
| 分册名: | 出版地: | London ; |
|
| 出版社: | Verso | |
| 出版时间: | 1990. | |
| 页数: | 378 p. ; | |
| 开本: | 22 cm. | |
| 丛书名: | Verso modern classics | |
| 中图分类号: | ||
| 科图分类号: | ||
| 其他分类号: | G256.1 | |
| 主题词: | ||
| 电子资源: | ||
| 000 | 01072cam a2200313 a 450 | |
| 001 | E0754396377 | |
| 005 | 20070710151438.20 | |
| 008 | 910207r19901976enk b 001 0 eng | |
| 010 | @a91114488 | |
| 020 | @a0860917975. | |
| 035 | @A(DLC) 91114488 | |
| 040 | @aDLC@cDLC@dDLC | |
| 041 | 1 | @aeng@hfre |
| 050 | 00 | @aZ4@b.F413 1990 |
| 082 | 00 | @a002@2 20 |
| 090 | @aG256.1 | |
| 099 | @dG256.1@ex26 | |
| 100 | 1 | @aFebvre, Lucien Paul Victor,@d1878-1956. |
| 240 | 10 | @aApparition du livre.@lEnglish |
| 245 | 14 | @aThe coming of the book :@bthe impact of printing, 1450-1800 / @cLucien Febvre and Henri-Jean Martin ; translated by David Gerard. |
| 260 | @aLondon ;@aNew York :@bVerso,@c1990. | |
| 300 | @a378 p. ;@c22 cm. | |
| 440 | 0 | @aVerso modern classics |
| 500 | @aFirst published in English: London : N.L.B., 1976. | |
| 500 | @aTranslation of: L’Apparition du livre. | |
| 504 | @aIncludes bibliographical references (p. 333-354) and index. | |
| 650 | 0 | @aBooks@xHistory. |
| 650 | 0 | @aPrinting@xHistory. |
| 700 | 1 | @aMartin, Henri-Jean,@d1924-2007. |
| The coming of the book : : the impact of printing, 1450-1800 / / Lucien Febvre and Henri-Jean Martin ; translated by David Gerard.-London ; ; New York : : Verso, , 1990. |
| 378 p. ; ; 22 cm.- (Verso modern classics ) |
| First published in English: London : N.L.B., 1976.-Translation of: L’Apparition du livre.-Includes bibliographical references (p. 333-354) and index. |
| ISBN 0860917975. |
| ● |
| 相关链接 |
|
|
|
|
正题名:coming of the book
索取号:G256.1/x26
 
预约/预借
| 序号 | 登录号 | 条形码 | 馆藏地/架位号 | 状态 | 备注 |
| 1 | 0011692 | 300116924 | 第二样本阅览室/ [索取号:G256.1/x26] | 在馆 |